| 000 | 00454nam a2200181Ia 4500 | ||
|---|---|---|---|
| 001 | 23178 | ||
| 005 | 20260414150920.0 | ||
| 008 | 260414t2017||||xx |||||||||||||| ||spa|| | ||
| 041 | _aESP | ||
| 082 |
_a625.72 _bR62 |
||
| 100 |
_aRincón Villalba, Mario Arturo _eAUT |
||
| 245 | 0 |
_aAutoCAD aplicado a topografía y vías _b |
|
| 260 | _c2017 | ||
| 300 |
_axviii, 172 páginas : _c24 cm. |
||
| 650 | _a0 | ||
| 654 | _aCIC | ||
| 942 |
_cLIB _dJUS _fJUS _2ddc _n |
||
| 999 |
_c23178 _d23178 |
||